书目信息 |
| 题名: |
顺风车
|
|
| 作者: | 陈树龙 著 | |
| 分册: | ||
| 出版信息: | 南昌 江西高校出版社 2017.06 |
|
| 页数: | 144页 | |
| 开本: | 24cm | |
| 丛书名: | 岭南小小说文丛 | |
| 单 册: | ||
| 中图分类: | I247.82 | |
| 科图分类: | ||
| 主题词: | 小小说--小说集--中国--当代 | |
| 电子资源: | ||
| ISBN: | 978-7-5493-5534-1 | |
| 000 | 00884oam2 2200277 450 | |
| 001 | 0102100438 | |
| 005 | 20210402100824.0 | |
| 010 | @a978-7-5493-5534-1@dCNY36.00 | |
| 100 | @a20181129e20202017em y0chiy50 ea | |
| 101 | 0 | @achi |
| 102 | @aCN@b360000 | |
| 105 | @ay z 000ay | |
| 106 | @ar | |
| 200 | 1 | @a顺风车@Ashun feng che@f陈树龙著 |
| 210 | @a南昌@c江西高校出版社@d2017.06@h2020.07 | |
| 215 | @a144页@d24cm | |
| 225 | 2 | @a岭南小小说文丛 |
| 225 | 2 | @a全民微阅读系列 |
| 330 | @a本书收录了验收专家、岗前培训、因为高考、乖鱼无毒、想起老家的驼榕、儿子学溜冰、爸爸的单车丢了、阿六开店、拜年、英雄出处、英雄出处之二等。 | |
| 461 | 0 | @12001 @a岭南小小说文丛 |
| 461 | 0 | @12001 @a全民微阅读系列 |
| 606 | 0 | @a小小说@x小说集@y中国@z当代 |
| 690 | @aI247.82@v5 | |
| 701 | 0 | @a陈树龙@Achen shu long@4著 |
| 801 | 0 | @aCN@bBJSZM@c20210402 |
| 905 | @b1278541-5@dI247.82@e1006@f5 | |
| 顺风车/陈树龙著.-南昌:江西高校出版社,2017.06(2020.07) |
| 144页;24cm.-(岭南小小说文丛).-(全民微阅读系列) |
| ISBN 978-7-5493-5534-1:CNY36.00 |
| 本书收录了验收专家、岗前培训、因为高考、乖鱼无毒、想起老家的驼榕、儿子学溜冰、爸爸的单车丢了、阿六开店、拜年、英雄出处、英雄出处之二等。 |
| ● |
| 相关链接 |
|
|
|
|
正题名:顺风车
索取号:I247.82/1006
 
预约/预借
| 序号 | 登录号 | 条形码 | 馆藏地/架位号 | 状态 | 备注 |
| 1 | 1278541 | 212785413 | 第一样本阅览室/ [索取号:I247.82/1006] | 在馆 | |
| 2 | 1278542 | 212785422 | 教育系资料室/ [索取号:I247.82/1006] | 在馆 | |
| 3 | 1278543 | 212785431 | 教育系资料室/ [索取号:I247.82/1006] | 在馆 | |
| 4 | 1278544 | 212785440 | 第二借阅区/ [索取号:I247.82/1006] | 在馆 | |
| 5 | 1278545 | 212785459 | 第二借阅区/ [索取号:I247.82/1006] | 在馆 |